El juicio ejecutivo cambiario

Detalles Bibliográficos
Autor principal: Serrano Masip, Mercedes
Formato: Desconocido
Lenguaje:español
Publicado: Barcelona : Cedecs, 1997
Materias:
Acceso en línea:Acceso restringido

MARC

LEADER 00000ny a22000003n 4500
005 2011061605305.0
008 A10218s1997 sp || 000 0 spa d
020 |a 9788489171848 
035 |a 3261 
040 |a BUS  |d vLex 
080 |a 343.152 460 
080 |a 347.746 460 
080 |a 347.952 460 
090 |c 766  |d 766 
100 1 |a Serrano Masip, Mercedes 
245 1 3 |a El juicio ejecutivo cambiario  |h [Recurso electrn̤ico]  |c Mercedes Serrano Masip 
256 |a Servicio en ln̕ea 
260 |a Barcelona :  |b Cedecs,  |c 1997 
300 |a 395 p. ;  |c 23 cm 
506 1 |a Contenido solo disponible en los productos indicados  |d vLex Global  |d vLex Global (Academic Edition, excluding Law Schools)  |d vLex Global (U.S. Academic Edition, Law Schools)  |d vLex Global (U.S. Academic Edition, excluding Law Schools)  |d vLex Global (Academic Edition, Law Schools) 
650 0 7 |a Procesal  |2 Tesauro vLex 
650 0 7 |a Juicio cambiario  |2 Tesauro vLex 
650 0 7 |a Juicio ejecutivo  |2 Tesauro vLex 
650 0 7 |a Juicio ejecutivo cambiario  |2 Tesauro vLex 
740 0 |a vLex Libros (Servicios en ln̕ea) 
856 4 0 |u http://vlex.com/source/3261  |z Acceso restringido 
942 |c BOOK 
999 0 |a Procedure (Law)  |b Barcelona